000 00433nam a2200169Ia 4500
005 20250311162110.0
008 231217s9999 xx 000 0 und d
020 _a9788120330436
082 _a001.424 TAH;56 R
100 _aTaha, Hamdy A.
245 0 _aOperations research : An introduction
250 _a8th ed.
260 _c2007
_bPHI
_aNew Delhi
300 _axx+813
650 _aOperations,research,:,an
942 _cAA
999 _c180437
_d180437